Návrh vodovodu v obci
Salvato in:
| Autore principale: | |
|---|---|
| Altri autori: | |
| Natura: | Manoscritto Libro |
| Lingua: | slovacco |
| Pubblicazione: |
2016
|
| Soggetti: | |
| Accesso online: | http://is.stuba.sk/zp/portal_zp.pl?podrobnosti=117456 https://opac.crzp.sk/?fn=detailBiblioForm&sid=1F2DA89437FD00828A4BA2DF5675 |
| Tags: |
Nessun Tag, puoi essere il primo ad aggiungerne!!
|
MARC
| LEADER | 00000ntm a22000003a 4500 | ||
|---|---|---|---|
| 001 | stuzp57389 | ||
| 003 | SK-STU | ||
| 005 | 20230907143958.3 | ||
| 007 | ta | ||
| 008 | 150427s2015----xo-----f-mn---000-0-slo-d | ||
| 040 | |a STU |b slo | ||
| 041 | 0 | |a slo | |
| 100 | 1 | |a Jurík, Tomáš |u 010280 |4 aut |U SvF Stavebná fakulta |T SvF Katedra zdravotného inžinierstva |X 42131 |U V280 |Y 29 |7 A000042131 | |
| 242 | 0 | 1 | |a Design the water supply for village |y eng |
| 245 | 1 | 0 | |a Návrh vodovodu v obci |
| 260 | |c 2016 | ||
| 650 | 4 | |a vodovod |2 slo | |
| 650 | 4 | |a návrh |2 slo | |
| 650 | 4 | |a Orávka |2 slo | |
| 650 | 4 | |a design |2 eng | |
| 650 | 4 | |a Orávka |2 eng | |
| 650 | 4 | |a water supply |2 eng | |
| 700 | 1 | |a Božíková, Jarmila |u 010280 |k Z8 |4 ths |U SvF Stavebná fakulta |T SvF Katedra zdravotného inžinierstva |X 775 |U V280 |Y 29 |7 A000000775 | |
| 856 | 4 | |u http://is.stuba.sk/zp/portal_zp.pl?podrobnosti=117456 | |
| 856 | 4 | |u https://opac.crzp.sk/?fn=detailBiblioForm&sid=1F2DA89437FD00828A4BA2DF5675 | |
| SQL | |a stuzp57389 |b DDP |c SLO |d Návrh vodovodu v obci |e 42131 |f Jurík, Tomáš |g 010280 |h 775 |i Božíková, Jarmila |j 20160617 |k 27 |l 01 |m http://is.stuba.sk/zp/portal_zp.pl?podrobnosti=117456 |n I-VSH |o 5.1.6. vodné stavby, 6.4.1. vodné hospodárstvo | ||